| 000 | 00000nas 2200000za 4500 |
| 001 | 9.505236 |
| 003 | CaOODSP |
| 005 | 20221107133457 |
| 007 | cr ||||||||||| |
| 008 | 150406d20072015oncqr p o f0 a0eng|d |
| 040 | |aCaOODSP|beng |
| 043 | |an-cn-on |
| 086 | 1 |aNH12-251E-PDF |
| 245 | 00|aHousing now. |pPeterborough |h[electronic resource]. |
| 246 | 13|aHousing now. |pPeterborough CMA |
| 260 | |a[Ottawa] : |bCanada Mortgage and Housing Corporation, |c2007-2015. |
| 310 | |aQuarterly |
| 362 | 1 |aBegan with: third quarter 2007; ceased with : third quarter 2015. |
| 500 | |aIssued also in French under title: Actualités habitation. Peterborough. |
| 500 | |aCaption title. |
| 690 | 07|aHousing|2gcpds |
| 690 | 07|aRegional markets|2gcpds |
| 710 | 2 |aCanada Mortgage and Housing Corporation. |
| 775 | 08|tActualités habitation. |w(CaOODSP)9.501637 |
| 785 | 00|tHousing now tables. |w(CaOODSP)9.806986 |
| 986 | |a65575 |